Cities with the highest GDP - Statistics

General Stats
  • This quiz has been taken 222 times
    177 since last reset
  • The average score is 16 of 20
Answer Stats
GDP (billions USD) City % Correct
1,874 New York City
99%
2,055 Tokyo
94%
978 London
93%
1,133 Los Angeles
93%
934 Paris
92%
591 Beijing
91%
633 Shanghai
91%
714 Chicago
85%
504 Moscow
84%
926 Seoul
84%
489 Houston
82%
593 San Francisco
81%
523 Dallas
78%
699 Osaka
77%
513 Boston
72%
578 Washington, D.C.
72%
452 Toronto
67%
444 Seattle
64%
455 Philadelphia
62%
455 Shenzhen
51%
No matching quizzes found
Score Distribution
Percent of People with Each Score
Percentile by Number Answered
Your Score History
You have not taken this quiz since the last reset